Diagnostic action intervals for planned interval maintenance
Postupy pri udržovaní optimálneho pracovného intervalu stroja. Klasifikácia spoľahlivosti výkonu stroja. Náklady spojené s prípadným zlyhaním pravidelnosti výkonu stroja.
Salvato in:
| Autore principale: | |
|---|---|
| Altri autori: | |
| Natura: | Capitolo di libro |
| Lingua: | inglese |
| Soggetti: | |
| Tags: |
Nessun Tag, puoi essere il primo ad aggiungerne!!
|
MARC
| LEADER | 00000nla a2200000 4500 | ||
|---|---|---|---|
| 001 | 0204273 | ||
| 005 | 20240502073417.3 | ||
| 041 | 0 | |a eng | |
| 044 | |a SK | ||
| 245 | 1 | 0 | |a Diagnostic action intervals for planned interval maintenance |c Naqibullah Daneshjo, Pavol Beke |
| 520 | |a Postupy pri udržovaní optimálneho pracovného intervalu stroja. Klasifikácia spoľahlivosti výkonu stroja. Náklady spojené s prípadným zlyhaním pravidelnosti výkonu stroja. | ||
| 610 | 2 | 0 | |a stroje |
| 610 | 2 | 0 | |a diagnostikácia |
| 610 | 2 | 0 | |a modely spoľahlivosti |
| 610 | 2 | 0 | |a rozvoj technický |
| 100 | 1 | |a Daneshjo, Naqibullah, 1964- | |
| 700 | 1 | |a Beke, Pavol | |